000 01369nam2a2200289 4500
001 RU\NLR\bibl\904890
005 20260407142036.0
010 _a5-93999-153-X
_9200
021 _aRU
_b2005-75211
_93709
035 _a(NLR Aleph) 000893301
090 _a1731952
_c1731952
100 _a20060207d2004 |||y0rusy50 ca
101 0 _arus
102 _aRU
105 _aa |||||||||
200 0 _aВып. 7
210 _d2004
_aБ. м.
215 _a511 с.
_cил.
320 _aБиблиогр. в конце ст.
320 _aАлф. указ.: с. 509-511
461 0 _1001RU\NLR\bibl\986218
_12001#$aТруды регионального конкурса научных проектов в области естественных наук$vВып. 7
_9417620
_aРегиональный конкурс научных проектов в области естественных наук (Калуга)
_cКалуга
_d2005
_nПолиграф-Информ
_tТруды регионального конкурса научных проектов в области естественных наук
_vВып. 7
710 0 2 _4070
_a"Пушкинский фонд", издательство
_cСанкт-Петербург
_3RU\NLR\AUTH\8810085127
_9672247
801 0 _aRU
_bNLR
_c20060207
_grcr
801 1 _aRU
_bNLR
_c20060207
942 _cBOOK
980 _aNB